Statistics for All Baseball Positions

Click here to take the quiz!

General Stats

  • This quiz has been taken 169 times
  • The average score is 11 of 13

Answer Stats

HintAnswer% Correct
InfielderFirst Baseman
96%
InfielderSecond Baseman
96%
OutfielderCenter Fielder
94%
OutfielderLeft Fielder
94%
OutfielderRight Fielder
94%
InfielderShort Stop
94%
InfielderThird Baseman
94%
PitcherStarting Pitcher
91%
PitcherClosing Pitcher
86%
PitcherRelief Pitcher
81%
OtherCatcher
78%
OtherDesignated Hitter
71%
PitcherSet-Up Man
24%

Score Distribution

Percentile by Number Answered

Percent of People with Each Score

Your Score History

You have not taken this quiz